| 000 | 00000nam##2200000za#4500 |
| 001 | 9.700468 |
| 003 | CaOODSP |
| 005 | 20250506145324 |
| 007 | cr ||||||||||| |
| 008 | 150407|1981||||xxc|||||o f|0| 0 eng|d |
| 040 | |aCaOODSP|beng |
| 043 | |an-cn--- |
| 086 | 1 |aA53-1711/1981E-PDF |
| 110 | 1 |aCanada.|bAgriculture Canada. |
| 245 | 10|aWhat you should know about maple syrup |h[electronic resource] |
| 246 | 1 |iShort title : |aMaple syrup |
| 250 | |aPrinted 1981 |
| 260 | |aOttawa - Ontario : |bAgriculture Canada |cc1980. |
| 300 | |a16p.|billus. |
| 500 | |aContents: Protecting stored products.--Detecting problems.--Identifying the organisms.--Controlling infestations.--Further information.--Common and scientific names of major pests in stored grain.--References.--Additional reading.--Appendix. |
| 500 | |aHistorical publication digitized by Agriculture and Agri-Food Canada. |
| 590 | |a15-05-Supp|b2015-03-31 |
| 775 | 08|tQu'en savez-vous? Le sirop d'érable |w(CaOODSP)9.644352 |
| 856 | 40|ahttp://publications.gc.ca|qPDF|s1285 KB|uhttps://publications.gc.ca/collections/collection_2015/aac-aafc/A53-1711-1981-eng.pdf |
| 986 | |aPublication 1711 |